00369nam a2200133Ia 4500003000400000008004100004040001600045082001600061100001900077245005400096260005100150300000900201650002500210GCL140319s9999 xx 000 0 eng d aGCL / cGCL04a792.03bB C1 aBANHAM, MARTIN10aTHE CAMBRIDGE GUIDE TO THEATRE / cBANHAM, MARTIN a[S.N] : bCAMBRIBGE UNIVERSITY PRESS ، c1995 a123304aTHEATER - DICTIONARY